Online
Catalog

Premio al mérito periodístico de arte y espectáculos / (Record no. 50115)

MARC details
000 -CABECERA
campo de control de longitud fija 01560nam a2200337 i 4500
003 - IDENTIFICADOR DEL NÚMERO DE CONTROL
campo de control DO-SdBNP
005 - FECHA Y HORA DE LA ÚLTIMA TRANSACCIÓN
campo de control 20260430124536.0
007 - CAMPO FIJO DE DESCRIPCIÓN FÍSICA--INFORMACIÓN GENERAL
campo de control de longitud fija ta
008 - DATOS DE LONGITUD FIJA--INFORMACIÓN GENERAL
campo de control de longitud fija 210715b2018 dr aco|| |||| 00| 0 spa
040 ## - FUENTE DE LA CATALOGACIÓN
Centro catalogador/agencia de origen DO-SdBNP
Lengua de catalogación spa
Centro/agencia transcriptor BNPHU
Normas de descripción rda
082 #4 - NÚMERO DE LA CLASIFICACIÓN DECIMAL DEWEY
Número de edición 22
245 10 - MENCIÓN DE TÍTULO
Título Premio al mérito periodístico de arte y espectáculos /
Mención de responsabilidad, etc. redacción Arismendy Vásquez Guareño y Máximo Jiménez ; fotos Cristian Santana, Jochy Campusano
260 ## - PUBLICACIÓN, DISTRIBUCIÓN, ETC.
Lugar de publicación, distribución, etc. Santo Domingo :
Nombre del editor, distribuidor, etc. Acroarte,
Fecha de publicación, distribución, etc. 2018.
300 ## - DESCRIPCIÓN FÍSICA
Extensión 20 páginas :
Otras características físicas ilustraciones y retratos,
Dimensiones 20 cm.
310 ## - PERIODICIDAD ACTUAL
Periodicidad actual Anual
Fecha de comienzo de la periodicidad actual 2012
362 #1 - FECHAS DE PUBLICACIÓN Y/O DESIGNACIÓN SECUENCIAL
Fecha de publicación y/o designación secuencial (20 de marzo 2018)
500 ## - NOTA GENERAL
Nota general Premio soberano 2018.
500 ## - NOTA GENERAL
Nota general Siete años de historia (2012 al 2018)
505 ## - NOTA DE CONTENIDO CON FORMATO
Nota de contenido con formato Periodísta
Título Angela Ovalle : Miembro fundadora --
-- Aridio Castillo : Miembro fundador --
-- Marivell Contreras : Expresidenta (2007-2009) --
505 ## - NOTA DE CONTENIDO CON FORMATO
Nota de contenido con formato Logomarca
Título Nazario Brea : Comunicador Filial Nueva York --
-- Héctor Cepín : Locutor Filial Santiago --
-- Juan G.Romero : Comunicador Filial Florida --
505 ## - NOTA DE CONTENIDO CON FORMATO
Nota de contenido con formato Homenaje : Tatico Henríquez, músico (1943-1976)
546 #1 - NOTA DE LENGUA/LENGUAJE
Nota de lengua/lenguaje Español
586 ## - NOTA DE PREMIOS
Nota de premios Merito periodístico de arte y espetáculos, 2018.
650 #0 - PUNTO DE ACCESO ADICIONAL DE MATERIA--TÉRMINO DE MATERIA
Término de materia o nombre geográfico como elemento de entrada Premios
Subdivisión cronológica 2018
Subdivisión geográfica República Dominicana
9 (RLIN) 8135
650 #4 - PUNTO DE ACCESO ADICIONAL DE MATERIA--TÉRMINO DE MATERIA
Término de materia o nombre geográfico como elemento de entrada Premio al mérito
Subdivisión de forma Periodístico
Subdivisión cronológica 2018
Subdivisión geográfica República Dominicana
9 (RLIN) 79251
700 1# - PUNTO DE ACCESO ADICIONAL--NOMBRE DE PERSONA
Nombre de persona Vásquez Guareño, Arismendy,
Término indicativo de función/relación Redacción
9 (RLIN) 79252
700 1# - PUNTO DE ACCESO ADICIONAL--NOMBRE DE PERSONA
Nombre de persona Jimenez, Máximo,
Término indicativo de función/relación Redacción
9 (RLIN) 75836
700 1# - PUNTO DE ACCESO ADICIONAL--NOMBRE DE PERSONA
Nombre de persona Santana, Cristian
Término indicativo de función/relación Fotógrafo
9 (RLIN) 79253
700 #1 - PUNTO DE ACCESO ADICIONAL--NOMBRE DE PERSONA
Nombre de persona Campusano, Jochy,
Término indicativo de función/relación Fotografo
9 (RLIN) 79254
942 ## - ELEMENTOS DE PUNTO DE ACCESO ADICIONAL (KOHA)
Fuente del sistema de clasificación o colocación Dewey Decimal Classification
Tipo de ítem Koha Folleto
Holdings
Estado de retiro Estado de pérdida Fuente del sistema de clasificación o colocación Estado dañado Restricciones de uso No para préstamo Código de colección Localización permanente Ubicación/localización actual Ubicación en estantería Fecha de adquisición Fuente de adquisición Signatura topográfica completa Código de barras Fecha visto por última vez Precio válido a partir de Tipo de ítem Koha Número de copia
    Dewey Decimal Classification   Excluido de préstamo   Dominicana Publicaciones Periódicas Biblioteca Nacional Pedro Henríquez Ureña Biblioteca Nacional Pedro Henríquez Ureña En catalogación 15.07.2021 Depósito Legal BNPHU PD P925 2018 2021-25169 15.07.2021 15.07.2021 Folleto  
    Dewey Decimal Classification   Excluido de préstamo   Dominicana Publicaciones Periódicas Biblioteca Nacional Pedro Henríquez Ureña Biblioteca Nacional Pedro Henríquez Ureña En catalogación 15.07.2021 Depósito Legal BNPHE PD P925 2018 2021-25170 15.07.2021 15.07.2021 Folleto e.2
    Dewey Decimal Classification   Excluido de préstamo   Dominicana Publicaciones Periódicas Biblioteca Nacional Pedro Henríquez Ureña Biblioteca Nacional Pedro Henríquez Ureña En catalogación 15.07.2021   BNPHU DS P925 2018 2021-25174 15.07.2021 15.07.2021 Folleto e.3

Powered by Koha